000 00609nam a2200241Ia 4500
003 OSt
005 20221005122137.0
006 a|||||r|||| 00| 0
007 ta
008 221004b |||||||| |||| 00| 0 eng d
024 _a64654
037 _cTextual
040 _aCRL
_cCRL
_beng
041 _2eng
_aeng
082 _aV1N-Yz7, K1
110 _aUNESCO
245 0 _aInternational organisations in the social sciences revised and edited by Jean Meynaud
260 _c1961
650 _aHISTORY
700 _aUNESCO
942 _hV1N-Yz7, K1
_cTEXL
_2cc
999 _c1043410
_d1043410